000 00648nam a2200193Ii 4500
003 JO-AjNU
008 230605s9999||||xx |||||||||||||| ||und||
040 _aJO-AjNU
_bara
_erda
_cJO-AjNU
041 _aara
050 1 4 _aPJ6161.S2922 1968
100 3 _aخليل،السيد أحمد,
_eauthor
_924347
245 0 0 _aالمدخل إلى دراسة البلاغة العربية
264 3 1 _aبيروت: دار النهضة العربية، 1968
300 _a234ص
336 _atext
_btxt
_2rdacontent
337 _aunmediated
_bn
_2rdamedia
338 _avolume
_bnc
_2rdacarrier
650 4 _aالبلاغة العربية-البلاغة
_924348
999 _aA8950
_c12518
_d12518